00807 a2200229 450000500170000000800410001702000150005802000180007304000500009104100080014110000170014924501030016626000370026930000420030649000180034865000360036665000350040265000300043765000320046770000420049976500360054120180312141945.0131008s2001 ck a br|||| 00| 0 spa d a9580462585 a9789580462583 aCO-BoUCMbspacJose A. GerenadJose A. Gerena00aspa1 aMcKee, David13aEl príncipe Pedro y el osito de peluchecDavid Mckee ; traducción de María Candelaria Posada c2001bNormaaBogotá (Colombia) a[26] páginasbilustraciones a color aBuenas noches 7aLibros ilustrados para niños  7aLibros y lectura para niños  7aNiños en la literatura  7aLiteratura infantil inglesa1 aPosada, María Candelariaetraductor tPrince Peter and the teddy bear